| 000 | 01252 a2200301 4500 | ||
|---|---|---|---|
| 001 | 21551 | ||
| 005 | 20260407155505.0 | ||
| 008 | 260407a2011 arg spa d | ||
| 003 | AR-UNSa-BCEJYS | ||
| 040 |
_aAR-UNSa-BCEJYS _bspa _cAR-UNSa-BCEJYS |
||
| 080 |
_a657.4 _xCuentas. Sistemas Contables |
||
| 245 | 1 | 0 |
_aContabilidad _psistemas y procesos |
| 020 | _a978-987-03-2062-3 | ||
| 264 | 1 |
_aBuenos Aires : _bLa Ley _c2011 |
|
| 300 |
_axxi, 405 p. _c24 cm. |
||
| 505 | _a1. Cuentas y planes de cuentas - 2. El proceso contable - 3. Análisis y registro de operaciones específicas, elementos de vinculación - 4. Cierre del proceso contable - 5. Mecanismos para homogeneizarla unidad de medida - 6. Preparación y exposición de información patrimonial y de gestión | ||
| 041 | _aspa | ||
| 942 | _cBK | ||
| 590 | _aniveau_biblio:m niveau_hierar:0 | ||
| 100 | 1 | _aPahlen Acuña, Ricardo Jose María | |
| 700 | 1 | _aCampo, Ana María | |
| 700 | 1 | _aChaves, Osvaldo Argentino | |
| 700 | 1 | _aChyrikins, Héctor | |
| 700 | 1 | _aFronti de García, Luisa | |
| 700 | 1 | _aHelouani, Rubén | |
| 700 | 1 | _aViegas, Juan Carlos | |
| 856 | 4 | 1 |
_uhttps://biblioeco.unsa.edu.ar/pmb/images/libros/Contabilidad Sistemas y Procesos 2.jpg _yImagen de portada _qimage/jpeg |
| 999 |
_c817 _d817 |
||